000 00341nam a2200145Ia 4500
008 230711s9999||||xx |||||||||||||| ||und||
041 _aENG
082 _a800
_bNE-P
100 _aNeelam,Goyal
245 0 _aPrem Chand's famous stories
250 _a1st Ed.
260 _c2007
_aNew Delhi
_bFalcon Books
650 _aLiterature
942 _cBK
999 _c4394
_d4394